| 000 | 00000nam##2200000za#4500 |
| 001 | 9.566116 |
| 003 | CaOODSP |
| 005 | 20250319164423 |
| 007 | cr ||||||||||| |
| 008 | 150406|2001||||xxc|||||o f|0| 0 eng|d |
| 040 | |aCaOODSP|beng |
| 043 | |an-cn--- |
| 086 | 1 |aH39-590/2001E-IN |
| 110 | 2 |aNational Advisory Council on Aging (Canada) |
| 245 | 10|aSeniors and technology |h[electronic resource] |
| 260 | |aOttawa - Ontario : |bHealth Canada. |cSeptember 2001. |
| 300 | |a70p.|bgraphs, references |
| 490 | 1 |aWritings in gerontology |v17 |
| 500 | |aPartial contents: Everyday technology and older adults: friends or foes? / by Jeannine Jessome ... [et al.] -- Digital divide or digital dividend? Ensuring benefits to seniors from information technology / by Satya Brink -- Technology and older adults: a senior's perspective / by John Ryan -- Increasing the pace of innovation to meet product and service needs of older consumers / by Gale E. West -- Older adults' use of technology to maintain reading after vision loss / by Elle Bouchard Ryan ... [et al.] -- Country roads: connecting older rural Canadians / by Donald A. King. The catalogue number (H39-590/2001E) and ISBN (0-662-30932-4) for the print edition have been incorrectly copied in this electronic publication. |
| 590 | |a12-26-Supp|b2012-06-07 |
| 690 | 07|aSeniors|2gcpds |
| 690 | 07|aTechnology|2gcpds |
| 775 | 08|tLes aînés et la technologie |w(CaOODSP)9.604174 |
| 776 | 0#|tSeniors and technology / |w(CaOODSP)9.615724 |
| 830 | #0|aWritings in gerontology ;|v17|w(CaOODSP)9.504468 |
| 856 | 40|ahttp://publications.gc.ca|qPDF|s326 KB|uhttps://publications.gc.ca/collections/Collection/H39-590-2001E.pdf|y17 |